000 01143cam a2200289 a 4500
001 13824170
005 20250128143600.0
008 041223s2005 ohua 000 0 eng
020 _a032420485X
020 _a9780324204858
020 _a2900324204857
050 0 0 _aKF1600
_b.M43 2006
100 1 _aMeiners, Roger E.
245 1 4 _aThe legal environment of business /
_cRoger E. Meiners, Al H. Ringleb, Frances L. Edwards.
250 _a9th ed.
260 _aMason, OH :
_bThomson / South-Western,
_c2006.
300 _axxix, 736 p. :
_bcol. ill., forms, col. map ;
_c27 cm.
500 _aIncludes index.
650 0 _aIndustrial laws and legislation
_zUnited States.
650 0 _aCommercial law
_zUnited States.
700 1 _aRingleb, Al H.
700 1 _aEdwards, Frances L.
856 4 2 _3Contributor biographical information
_uhttp://www.loc.gov/catdir/enhancements/fy1514/2004118200-b.html
856 4 2 _3Publisher description
_uhttp://www.loc.gov/catdir/enhancements/fy1514/2004118200-d.html
856 4 1 _3Table of contents only
_uhttp://www.loc.gov/catdir/enhancements/fy1514/2004118200-t.html
942 _2lcc
_cBK
_e9th Ed.
_n0
999 _c3157
_d3157